Top 5 - Formule 1 depuis 2000 - Statistiques

Statistiques générales
  • Ce quiz a été pris 77 fois
    67 depuis la dernière actualisation
  • Le résultat moyen est 97 sur 125
Statistiques - réponses
Année Pilote % Correct
2007 (Top 2) | 2008 (Top 1) | 2009 (Top 5) | +13 others Hamilton
100%
2016 (Top 5) | 2018 (Top 4) | 2019 (Top 3) | +5 others Verstappen
100%
2004 (Top 4) | 2005 (Top 1) | 2006 (Top 1) | +7 others Alonso
94%
2019 (Top 4) | 2022 (Top 2) | 2023 (Top 5) | 2024 (Top 3) Leclerc
94%
2024 (Top 2) Norris
94%
2024 (Top 4) Piastri
94%
2000 (Top 1) | 2001 (Top 1) | 2002 (Top 1) | +4 others Schumacher
94%
2014 (Top 4) | 2015 (Top 5) | 2017 (Top 3) | +4 others Bottas
89%
2021 (Top 5) | 2022 (Top 5) | 2024 (Top 5) Sainz
89%
2020 (Top 4) | 2021 (Top 4) | 2022 (Top 3) | 2023 (Top 2) Perez
87%
2009 (Top 2) | 2010 (Top 1) | 2011 (Top 1) | +8 others Vettel
85%
2003 (Top 2) | 2005 (Top 2) | 2006 (Top 5) | +7 others Raikkonen
81%
2014 (Top 2) | 2015 (Top 2) | 2016 (Top 1) Rosberg
79%
2022 (Top 4) Russell
77%
2004 (Top 3) | 2009 (Top 1) | 2010 (Top 5) | +2 others Button
70%
2014 (Top 3) | 2016 (Top 3) | 2017 (Top 5) | 2020 (Top 5) Ricciardo
70%
2006 (Top 3) | 2007 (Top 4) | 2008 (Top 2) Massa
66%
2000 (Top 2) | 2001 (Top 5) Hakkinen
60%
2009 (Top 4) | 2010 (Top 3) | 2011 (Top 3) | 2013 (Top 3) Webber
60%
2000 (Top 4) | 2001 (Top 3) | 2002 (Top 2) | +3 others Barrichello
47%
2005 (Top 5) | 2006 (Top 4) Fisichella
38%
2002 (Top 3) | 2003 (Top 3) | 2004 (Top 5) | 2005 (Top 4) Montoya
38%
2008 (Top 4) Kubica
32%
2000 (Top 3) | 2001 (Top 2) | 2002 (Top 5) Coultard
26%
2000 (Top 5) | 2001 (Top 4) | 2002 (Top 4) | 2003 (Top 5) Ralf Schumacher
17%
2007 (Top 5) Heidfeld
15%
Aucun quiz correspondant
Distribution des résultats
% des personnes avec chaque résultat
Percentile par nombre de réponses
Votre historique - résultats
Vous n’avez pas pris ce quiz depuis la dernière actualisation